000 00375nam a2200133Ia 4500
008 230312s9999||||xx |||||||||||||| ||und||
020 _a978-0470619025
082 _a729.028
_bMIT-I
100 _aMitton;Maureen
245 0 _aInterior Design Visual Presentation:Guide to Graphics,Models,and Presentation Techniques
260 _c2012
650 _aArchitecture
942 _cBK
999 _c14431
_d14431